000 01471nam a2200277Ia 4500
001 21677
005 20260420104759.0
008 260320s9999||||xx |||||||||||||| ||und||
020 _a9788433031372
041 _aESP
082 _a364.3
_bG63
100 _aGómez Hermoso, María del Rocío,
_eAUT
245 0 _aManual de psicología forense :
_bespecial mención a la regulación del trabajo de la perito, entrevista forense, agresores sexuales y valoración de la peligrosidad
250 _aSegunda edición
260 _aBilbao :
_bDesclée De Brouwer,
_c2021
300 _a244 páginas :
_bcuadros ;
_c21 cm.
440 _a(Biblioteca de psicología
_n; número 256)
650 _aCIS
653 _aPsicología forense - España; Vigilancia penitenciaria
654 _aCAN
856 _uhttps://0u20yx6se-y-https-www-bibliotechnia-com-mx.itmsp.museknowledge.com/otros/visor/?bock=5496
_zVéase además: Psicología forense: estudio de la mente criminal. Versión digital
856 _uhttps://0u20yx6se-y-https-www-bibliotechnia-com-mx.itmsp.museknowledge.com/catalogo
_zVéase además: Base de datos BiblioTechnia
856 _uhttps://0u20vx6qe-y-https-ebookcentral-proquest-com.itmsp.museknowledge.com/lib/catolicasp/home.action
_zVéase además: Base de datos ProQuest Ebook Central
856 _uhttps://0u20fx6sw-y-https-research-ebsco-com.itmsp.museknowledge.com/c/qxo6us/search
_zVéase además: Base de datos EBSCOhost
942 _cLIB
_dJUS
_fMAT
_2ddc
999 _c21677
_d21677